Geography Quiz

Random Geography or World Quiz

Capitally Conjoined Countries Quiz Stats

 Plays Quiz Updated May 31, 2013

Challenge
Share
Tweet
Embed
Score 0/42 Timer 04:00
21 Plays Today
% Correct
Iraq
99%
Italy
96.3%
Rome
96.1%
Baghdad
96%
Canada
94.5%
Ottawa
93.8%
Turkey
93.4%
Sweden
93.1%
Libya
92.4%
Stockholm
92.2%
Russia
91.5%
Moscow
91.1%
Algeria
90.9%
France
89.7%
Paris
89.7%
Denmark
88.5%
Copenhagen
87.7%
Ankara
87.1%
Nepal
86.4%
Belarus
86.1%
Damascus
85.5%
% Correct
Syria
85.5%
Tripoli
84.7%
Sofia
83.9%
Belgium
82.4%
Vietnam
82.2%
Brussels
81.5%
Minsk
81.2%
Bulgaria
78.8%
Hanoi
78.8%
Algiers
77.9%
Barbados
77.7%
Kathmandu
71.8%
Ethiopia
71.7%
Addis Ababa
63.3%
Chile
62.5%
Bahamas
62.4%
Nassau
61.7%
Santiago
59.3%
Bridgetown
59.2%
Venezuela
48.5%
Caracas
47.5%

You're not logged in!

Compare scores with friends on all Sporcle quizzes.
OR
Log In

You Might Also Like...

Show Comments

Extras

Top Quizzes Today


Score Distribution

Your Account Isn't Verified!

In order to create a playlist on Sporcle, you need to verify the email address you used during registration. Go to your Sporcle Settings to finish the process.

Report this User

Report this user for behavior that violates our Community Guidelines.

Details: